000 00621nam a2200241Ia 4500
003 OSt
005 20220918200743.0
006 a|||||r|||| 00| 0
007 ta
008 220917b |||||||| |||| 00| 0 eng d
024 _a90,113
037 _cTextual
040 _aARTS
_cARTS
_beng
041 _2eng
_aeng
082 _aU8:498:N3, G5
100 _aTucci Giuseppe
_942099
245 0 _aSecrets of Tibet tr by Mary A Johnstone
260 _c1935
650 _aGEOGRAPHY
700 _a Ghersi E
_995399
942 _hU8:498:N3, G5
_cTEXL
_2CC
999 _c213782
_d213782